Schaum’s outline of theory and problems of advanced mathematics for engineers and scientists / (رقم التسجيلة. 32181)
[ عرض عادي ]
| 000 -الفاتح | |
|---|---|
| حقل البيانات ثابتة الطول | 01646cam a22003738a 4500 |
| 001 - رقم الضبط | |
| رقم الضبط | 16012431 |
| 003 - محدد رقم الضبط | |
| رقم الضبط | OSt |
| 005 - وقت وتاريخ اخر تعامل مع التسجيلة | |
| رقم الضبط | 20150408114152.0 |
| 008 - عناصر البيانات ثابتة الطول - معلومات عامة | |
| حقل البيانات ثابتة الطول | 091208s2010 nyua 000 0 eng |
| 010 ## - رقم ضبط مكتبة الكونجرس | |
| رقم ضبط مكتبة الكونجرس | 2009049167 |
| 020 ## - الرقم الدولى المعيارى للكتب | |
| الرقم الدولى المعيارى للكتاب | 9780071623667 |
| 020 ## - الرقم الدولى المعيارى للكتب | |
| الرقم الدولى المعيارى للكتاب | 9780071635400 |
| 040 ## - مصدر الفهرسة | |
| وكالة الفهرسة الأصلية | DLC |
| وكالة النسخ | DLC |
| وكالة التعديل | DLC |
| 050 00 - رقم طلب مكتبة الكونجرس | |
| رقم التصنيف | QA303.2 |
| رقم المادة | .W74 2010 |
| 082 00 - رقم تصنيف ديوى العشرى | |
| رقم التصنيف | 515.02462 |
| رقم الطبعة | 22 |
| رقم المادة | WRA |
| 100 1# - المدخل الرئيسى - إسم شخصى | |
| الإسم الشخصى | Wrede, Robert C. |
| 9 (RLIN) | 40087 |
| 245 10 - بيان العنوان | |
| العنوان | Schaum’s outline of theory and problems of advanced mathematics for engineers and scientists / |
| بيان المسئوليه,etc | Robert Wrede, Murray R. Spiegel. |
| 246 30 - العنوان الموازى | |
| عنوان صحيح/عنوان مختصر | Advanced calculus |
| 250 ## - بيان الطبعة | |
| بيان الطبعة | 3rd ed. |
| 260 ## - PUBLICATION, DISTRIBUTION, ETC. (IMPRINT) | |
| مكان الناشر او الموزع | New York : |
| اسم الناشر او الموزع | McGraw-Hill, |
| تاريخ النشر أو التوزيع | c2010. |
| 300 ## - الوصف المادى | |
| التعداد | ix, 445 p. : |
| تفاصيل ماديه اخرى للوعاء | ill. ; |
| أبعاد الوعاء | 28 cm. |
| 490 0# - بيان السلسلة | |
| عنوان السلسلة | Schaum's outline series |
| 500 ## - تبصرة عامة | |
| تبصرة عامة | Rev. ed. of: Schaum's outline of theory and problems of advanced calculus. 2nd ed. c2002. |
| 650 #0 - المدخل الاضافى بالموضوع-مصطلح موضوعى | |
| مصطلح موضوعي أو اسم جغرافي كعنصر مدخل | Calculus |
| التقسيم الفرعي الشكلي | Outlines, syllabi, etc. |
| 9 (RLIN) | 4659 |
| 650 #0 - المدخل الاضافى بالموضوع-مصطلح موضوعى | |
| مصطلح موضوعي أو اسم جغرافي كعنصر مدخل | Calculus |
| التقسيم الفرعي الشكلي | Problems, exercises, etc. |
| 9 (RLIN) | 4660 |
| 700 1# - المدخل الاضافى - اسم شخصى | |
| الإسم الشخصى | Spiegel, Murray R. |
| 9 (RLIN) | 4931 |
| 700 1# - المدخل الاضافى - اسم شخصى | |
| الإسم الشخصى | Wrede, Robert C. |
| عنوان العمل | Schaum's outline of theory and problems of advanced calculus. |
| 9 (RLIN) | 40088 |
| 856 42 - الوصول و الموقع الالكترونى | |
| مواد محددة | Contributor biographical information |
| معرف المصدر الموحد | <a href="http://www.loc.gov/catdir/enhancements/fy1003/2009049167-b.html">http://www.loc.gov/catdir/enhancements/fy1003/2009049167-b.html</a> |
| 856 42 - الوصول و الموقع الالكترونى | |
| مواد محددة | Publisher description |
| معرف المصدر الموحد | <a href="http://www.loc.gov/catdir/enhancements/fy1003/2009049167-d.html">http://www.loc.gov/catdir/enhancements/fy1003/2009049167-d.html</a> |
| 856 41 - الوصول و الموقع الالكترونى | |
| مواد محددة | Table of contents only |
| معرف المصدر الموحد | <a href="http://www.loc.gov/catdir/enhancements/fy1003/2009049167-t.html">http://www.loc.gov/catdir/enhancements/fy1003/2009049167-t.html</a> |
| 906 ## - عنصر بيانات محلى F, LDF (RLIN) | |
| a | 7 |
| b | cbc |
| c | orignew |
| d | 1 |
| e | ecip |
| f | 20 |
| g | y-gencatlg |
| 942 ## - عناصر المدخل الإضافي( كوها) | |
| مصدر التصنيف او مخطط الترفيف | Dewey Decimal Classification |
| Koha [default] item type | DVD |
| حالة الفقد | نموذج السعر الفعال | حالة تلف | ليس للاعارة | رقم الطلب | تاريخ الاكتساب | الموقع الحالي | الفرع الرئيسي | Date last seen | نوع المادة فى نظام كوها | مصدر التصنيف او خطة الترفيف | Total Checkouts |
|---|---|---|---|---|---|---|---|---|---|---|---|
| 2013-11-16 | 515 WRA | 2013-11-16 | المكتبة المركزية بالمجمعة (CL) | المكتبة المركزية بالمجمعة (CL) | 2013-11-16 | كتاب | Dewey Decimal Classification |
